00667nam a2200205Ia 450000500170000000800410001702000240005804000190008204100120010108200150011324501200012826000510024830000240029950400500032363000180037365000240039165100160041570000200043185000100045120230531140638.0131103s9999 xx 000 0 und d a8170336309cRs. 625 aLoreto College aEnglish a333.7bBAR aResource management and contours of developmentb Reflections through Macro-Micro Narratives cedited by B.C. Barik aJaipur and New DelhibRawat Publicationsc2000 a371p, tables 22 cm. aIncludes bibliographical references and index aEnvironment  aResource Management aDevelopment aBarik, B.C., ed aLCLIB